000
00203 a2200097 4500
001
41752
100
_a
Davis R H
245
_a
Siegfried Sassoom
260
_a
_b
Faber & Faber
_c
090
_c
25864
_d
25864
942
_a
NUST-CAE
_c
M
_c
17629
999
_c
276825
_d
276825